[Event "Masters Tournament (MTO)"]
[Site "Biel, CH"]
[Date "2025.07.18"]
[Round "5"]
[White "Pranav Anand"]
[Black "Yilmaz, Mustafa"]
[Result "1/2-1/2"]
[Board "1"]
[WhiteFideId "46626786"]
[BlackFideId "6302718"]
[WhiteTitle "GM"]
[BlackTitle "GM"]
[WhiteElo "2566"]
[BlackElo "2586"]
[WhiteTeam "IND"]
[BlackTeam "TUR"]
[WhiteClock "0:25:02"]
[BlackClock "0:03:53"]
[Variant "Standard"]

1. e4 {[%clk 1:40:21]}  e5 {[%clk 1:40:22]} 2. Nf3 {[%clk 1:39:10]}  Nc6 {[%clk 1:40:47]} 3. Bc4 {[%clk 1:39:36]}  Bc5 {[%clk 1:41:13]} 4. c3 {[%clk 1:40:02]}  Nf6 {[%clk 1:41:39]} 5. d3 {[%clk 1:40:29]}  O-O {[%clk 1:41:52]} 6. a4 {[%clk 1:40:44]}  a5 {[%clk 1:41:32]} 7. Bg5 {[%clk 1:40:53]}  h6 {[%clk 1:35:56]} 8. Bh4 {[%clk 1:41:11]}  g5 {[%clk 1:36:06]} 9. Bg3 {[%clk 1:41:12]}  d6 {[%clk 1:36:31]} 10. Nbd2 {[%clk 1:41:04]}  Nh5 {[%clk 1:26:10]} 11. h3 {[%clk 1:32:32]}  Qf6 {[%clk 1:35:55]} 12. Qe2 {[%clk 1:27:47]}  Ne7 {[%clk 1:31:06]} 13. Nh2 {[%clk 1:22:41]}  Qg6 {[%clk 1:28:50]} 14. Nhf3 {[%clk 1:14:09]}  Qg7 {[%clk 1:24:32]} 15. Kd1 {[%clk 0:58:36]}  Ng6 {[%clk 1:17:22]} 16. Kc2 {[%clk 1:07:41]}  Kh8 {[%clk 1:06:22]} 17. Nxe5 {[%clk 1:01:39]}  Ngf4 {[%clk 1:06:50]} 18. Nxf7+ {[%clk 0:52:55]}  Rxf7 {[%clk 1:03:55]} 19. Bxf4 {[%clk 0:51:24]}  Nxf4 {[%clk 1:06:24]} 20. Qf1 {[%clk 0:43:48]}  Be6 {[%clk 0:47:15]} 21. Bxe6 {[%clk 0:49:21]}  Nxe6 {[%clk 0:47:39]} 22. d4 {[%clk 0:49:48]}  Bb6 {[%clk 0:38:07]} 23. f3 {[%clk 0:49:34]}  d5 {[%clk 0:32:34]} 24. Re1 {[%clk 0:49:27]}  Nf4 {[%clk 0:35:29]} 25. exd5 {[%clk 0:41:31]}  Nxd5 {[%clk 0:31:33]} 26. Nc4 {[%clk 0:39:32]}  Raf8 {[%clk 0:28:41]} 27. h4 {[%clk 0:38:51]}  g4 {[%clk 0:20:59]} 28. Ne5 {[%clk 0:37:48]}  Rf6 {[%clk 0:13:27]} 29. h5 {[%clk 0:32:41]}  c6 {[%clk 0:07:12]} 30. Ng6+ {[%clk 0:29:27]}  Rxg6 {[%clk 0:08:31]} 31. hxg6 {[%clk 0:29:44]}  Qxg6+ {[%clk 0:08:54]} 32. Kb3 {[%clk 0:29:41]}  Bc7 {[%clk 0:08:31]} 33. Qe2 {[%clk 0:25:20]}  gxf3 {[%clk 0:04:39]} 34. gxf3 {[%clk 0:25:02]}  Bf4 {[%clk 0:03:53]} 1/2-1/2

[Event "Masters Tournament (MTO)"]
[Site "Biel, CH"]
[Date "2025.07.18"]
[Round "5"]
[White "Karthikeyan, Murali"]
[Black "Panchanathan, Magesh Chandran"]
[Result "1-0"]
[Board "2"]
[WhiteFideId "5074452"]
[BlackFideId "5007429"]
[WhiteTitle "GM"]
[BlackTitle "GM"]
[WhiteElo "2650"]
[BlackElo "2454"]
[WhiteTeam "IND"]
[BlackTeam "IND"]
[WhiteClock "0:27:25"]
[BlackClock "0:29:40"]
[Variant "Standard"]

1. e4 {[%clk 1:40:55]}  e5 {[%clk 1:40:09]} 2. Nf3 {[%clk 1:41:12]}  d6 {[%clk 1:40:23]} 3. d4 {[%clk 1:41:18]}  exd4 {[%clk 1:40:48]} 4. Nxd4 {[%clk 1:41:23]}  Nf6 {[%clk 1:41:13]} 5. Nc3 {[%clk 1:41:47]}  Be7 {[%clk 1:38:48]} 6. Bf4 {[%clk 1:37:35]}  O-O {[%clk 1:41:50]} 7. Qd2 {[%clk 1:37:55]}  Nc6 {[%clk 1:41:23]} 8. O-O-O {[%clk 1:36:37]}  Nxd4 {[%clk 1:41:37]} 9. Qxd4 {[%clk 1:37:01]}  a6 {[%clk 1:42:04]} 10. f3 {[%clk 1:34:35]}  b5 {[%clk 1:42:23]} 11. g4 {[%clk 1:32:22]}  c5 {[%clk 1:40:51]} 12. Qd2 {[%clk 1:29:40]}  b4 {[%clk 1:33:23]} 13. Nd5 {[%clk 1:19:46]}  Nxd5 {[%clk 1:32:33]} 14. exd5 {[%clk 1:20:08]}  a5 {[%clk 1:23:19]} 15. h4 {[%clk 1:10:30]}  a4 {[%clk 1:20:41]} 16. Bd3 {[%clk 0:34:10]}  Bf6 {[%clk 1:11:19]} 17. g5 {[%clk 0:25:32]}  Bd4 {[%clk 1:02:26]} 18. c3 {[%clk 0:54:53]}  bxc3 {[%clk 0:53:26]} 19. bxc3 {[%clk 0:55:18]}  Be5 {[%clk 0:53:43]} 20. Bxe5 {[%clk 0:55:18]}  dxe5 {[%clk 0:54:09]} 21. Qe3 {[%clk 0:50:50]}  c4 {[%clk 0:52:03]} 22. Bc2 {[%clk 0:49:36]}  Qd6 {[%clk 0:51:17]} 23. h5 {[%clk 0:48:22]}  Rb8 {[%clk 0:29:43]} 24. Rde1 {[%clk 0:40:35]}  Re8 {[%clk 0:32:33]} 25. Qe4 {[%clk 0:29:22]}  g6 {[%clk 0:29:41]} 26. hxg6 {[%clk 0:29:03]}  fxg6 {[%clk 0:29:31]} 27. Qxc4 {[%clk 0:24:02]}  Rd8 {[%clk 0:16:49]} 28. Qxa4 {[%clk 0:19:50]}  Bf5 {[%clk 0:14:58]} 29. Bxf5 {[%clk 0:13:54]}  gxf5 {[%clk 0:12:13]} 30. Qa7 {[%clk 0:11:28]}  Rd7 {[%clk 0:08:34]} 31. Rh6 {[%clk 0:13:00]}  Rxa7 {[%clk 0:09:00]} 32. Rxd6 {[%clk 0:13:21]}  e4 {[%clk 0:09:27]} 33. Kd2 {[%clk 0:04:08]}  Rxa2+ {[%clk 0:04:56]} 34. Ke3 {[%clk 0:06:52]}  Ra4 {[%clk 0:05:18]} 35. Rf6 {[%clk 0:03:44]}  Re8 {[%clk 0:01:10]} 36. f4 {[%clk 0:03:01]}  Rc4 {[%clk 0:01:04]} 37. Rxf5 {[%clk 0:01:06]}  Rxc3+ {[%clk 0:01:26]} 38. Kd4 {[%clk 0:01:19]}  Rd3+ {[%clk 0:01:05]} 39. Kc5 {[%clk 0:01:44]}  Rf3 {[%clk 0:00:32]} 40. Kd6 {[%clk 0:01:14]}  e3 {[%clk 0:00:40]} 41. Re5 {[%clk 0:29:54]}  Rf8 {[%clk 0:29:05]} 42. R1xe3 {[%clk 0:28:16]}  R3xf4 {[%clk 0:29:30]} 43. Re8 {[%clk 0:27:42]}  Rxe8 {[%clk 0:29:13]} 44. Rxe8+ {[%clk 0:28:07]}  Kf7 {[%clk 0:29:41]} 45. Re5 {[%clk 0:27:23]}  Ra4 {[%clk 0:29:40]} 46. Kc7 {[%clk 0:27:25]} 1-0

[Event "Masters Tournament (MTO)"]
[Site "Biel, CH"]
[Date "2025.07.18"]
[Round "5"]
[White "Gloeckler, Christian"]
[Black "Karthik Venkataraman"]
[Result "1/2-1/2"]
[Board "3"]
[WhiteFideId "34608966"]
[BlackFideId "25006479"]
[WhiteTitle "FM"]
[BlackTitle "GM"]
[WhiteElo "2439"]
[BlackElo "2540"]
[WhiteTeam "GER"]
[BlackTeam "IND"]
[WhiteClock "0:02:27"]
[BlackClock "0:12:11"]
[Variant "Standard"]

1. e4 {[%clk 1:40:58]}  c6 {[%clk 1:40:51]} 2. d4 {[%clk 1:41:23]}  d5 {[%clk 1:41:16]} 3. f3 {[%clk 1:41:48]}  e6 {[%clk 1:41:41]} 4. Bd3 {[%clk 1:42:11]}  c5 {[%clk 1:42:05]} 5. c3 {[%clk 1:42:34]}  Nc6 {[%clk 1:42:30]} 6. Ne2 {[%clk 1:42:57]}  dxe4 {[%clk 1:42:54]} 7. fxe4 {[%clk 1:43:18]}  Qh4+ {[%clk 1:43:19]} 8. g3 {[%clk 1:43:38]}  Qd8 {[%clk 1:43:44]} 9. Be3 {[%clk 1:39:27]}  Nf6 {[%clk 1:39:59]} 10. Nd2 {[%clk 1:33:02]}  Be7 {[%clk 1:24:21]} 11. Nf3 {[%clk 1:27:47]}  O-O {[%clk 1:23:08]} 12. O-O {[%clk 0:59:23]}  cxd4 {[%clk 1:18:34]} 13. cxd4 {[%clk 0:57:45]}  e5 {[%clk 1:17:58]} 14. d5 {[%clk 0:49:01]}  Ng4 {[%clk 1:17:29]} 15. Qd2 {[%clk 0:47:30]}  Nb4 {[%clk 1:17:26]} 16. Bb1 {[%clk 0:38:41]}  Nxe3 {[%clk 1:09:32]} 17. Qxe3 {[%clk 0:39:09]}  Bh3 {[%clk 1:09:55]} 18. Rc1 {[%clk 0:29:35]}  Rc8 {[%clk 1:09:39]} 19. a3 {[%clk 0:29:21]}  Qa5 {[%clk 1:07:01]} 20. Kh1 {[%clk 0:24:27]}  Rxc1+ {[%clk 1:04:28]} 21. Qxc1 {[%clk 0:23:33]}  Rc8 {[%clk 0:56:10]} 22. Nc3 {[%clk 0:23:39]}  Qa6 {[%clk 0:46:42]} 23. Ng1 {[%clk 0:19:19]}  Bd7 {[%clk 0:38:48]} 24. Kg2 {[%clk 0:17:07]}  Bd6 {[%clk 0:36:09]} 25. Qf1 {[%clk 0:15:56]}  Qa5 {[%clk 0:32:00]} 26. Nf3 {[%clk 0:15:11]}  Na6 {[%clk 0:32:26]} 27. Ba2 {[%clk 0:12:17]}  Qb6 {[%clk 0:32:21]} 28. Rb1 {[%clk 0:11:44]}  Nc5 {[%clk 0:32:07]} 29. Ng5 {[%clk 0:11:14]}  f6 {[%clk 0:31:49]} 30. Ne6 {[%clk 0:09:55]}  Na4 {[%clk 0:28:24]} 31. Qe2 {[%clk 0:09:44]}  Qa6 {[%clk 0:18:51]} 32. Qg4 {[%clk 0:07:02]}  g6 {[%clk 0:19:19]} 33. Qf3 {[%clk 0:06:54]}  Nxc3 {[%clk 0:19:41]} 34. bxc3 {[%clk 0:05:14]}  Bxe6 {[%clk 0:15:18]} 35. dxe6 {[%clk 0:07:16]}  Be7 {[%clk 0:15:37]} 36. Bd5 {[%clk 0:06:44]}  b6 {[%clk 0:13:50]} 37. c4 {[%clk 0:05:47]}  Kg7 {[%clk 0:15:05]} 38. Qb3 {[%clk 0:04:55]}  Qa5 {[%clk 0:13:15]} 39. Qd3 {[%clk 0:03:16]}  h5 {[%clk 0:13:59]} 40. h4 {[%clk 0:02:41]}  Rc7 {[%clk 0:08:54]} 41. Rb3 {[%clk 0:22:20]}  Bc5 {[%clk 0:37:54]} 42. Kh3 {[%clk 0:14:58]}  Qe1 {[%clk 0:35:52]} 43. Rb1 {[%clk 0:14:18]}  Qa5 {[%clk 0:35:30]} 44. Ra1 {[%clk 0:09:54]}  Be7 {[%clk 0:34:38]} 45. Qf3 {[%clk 0:08:23]}  b5 {[%clk 0:34:41]} 46. cxb5 {[%clk 0:05:12]}  Qxb5 {[%clk 0:34:50]} 47. Qd1 {[%clk 0:04:30]}  Qc5 {[%clk 0:27:03]} 48. a4 {[%clk 0:03:18]}  a5 {[%clk 0:26:28]} 49. Rb1 {[%clk 0:02:34]}  Qf2 {[%clk 0:24:51]} 50. Qf1 {[%clk 0:02:32]}  Qc2 {[%clk 0:23:34]} 51. Qd1 {[%clk 0:02:29]}  Qf2 {[%clk 0:21:42]} 52. Qe1 {[%clk 0:01:46]}  Qd4 {[%clk 0:17:51]} 53. Qd1 {[%clk 0:01:36]}  Qa7 {[%clk 0:18:19]} 54. Qg1 {[%clk 0:01:26]}  Qxg1 {[%clk 0:14:15]} 55. Rxg1 {[%clk 0:01:55]}  f5 {[%clk 0:14:44]} 56. Rf1 {[%clk 0:01:34]}  Rc5 {[%clk 0:15:08]} 57. Bb7 {[%clk 0:01:17]}  f4 {[%clk 0:10:43]} 58. gxf4 {[%clk 0:01:15]}  Rc3+ {[%clk 0:11:12]} 59. Kg2 {[%clk 0:01:15]}  Bxh4 {[%clk 0:11:36]} 60. f5 {[%clk 0:01:16]}  Rc2+ {[%clk 0:11:31]} 61. Kh3 {[%clk 0:01:06]}  Bf6 {[%clk 0:11:07]} 62. fxg6 {[%clk 0:01:07]}  Rc3+ {[%clk 0:10:53]} 63. Kh2 {[%clk 0:01:29]}  Kxg6 {[%clk 0:11:00]} 64. Rg1+ {[%clk 0:01:50]}  Kh6 {[%clk 0:11:24]} 65. Rf1 {[%clk 0:01:58]}  Kg6 {[%clk 0:11:35]} 66. Rg1+ {[%clk 0:02:10]}  Kh6 {[%clk 0:12:00]} 67. Rf1 {[%clk 0:02:27]}  Kg6 {[%clk 0:12:11]} 1/2-1/2

[Event "Masters Tournament (MTO)"]
[Site "Biel, CH"]
[Date "2025.07.18"]
[Round "5"]
[White "Sasikiran, Krishnan"]
[Black "Poh, Yu Tian"]
[Result "1-0"]
[Board "4"]
[WhiteFideId "5004985"]
[BlackFideId "5734088"]
[WhiteTitle "GM"]
[BlackTitle "IM"]
[WhiteElo "2531"]
[BlackElo "2458"]
[WhiteTeam "IND"]
[BlackTeam "MAS"]
[WhiteClock "0:04:24"]
[BlackClock "0:00:29"]
[Variant "Standard"]

1. d4 {[%clk 1:40:57]}  Nf6 {[%clk 1:40:46]} 2. c4 {[%clk 1:41:14]}  e6 {[%clk 1:41:09]} 3. Nf3 {[%clk 1:40:32]}  d5 {[%clk 1:41:29]} 4. g3 {[%clk 1:40:48]}  dxc4 {[%clk 1:41:00]} 5. Bg2 {[%clk 1:41:04]}  Bd7 {[%clk 1:41:20]} 6. O-O {[%clk 1:36:28]}  Bc6 {[%clk 1:38:44]} 7. Qc2 {[%clk 1:40:09]}  b5 {[%clk 1:37:27]} 8. Nc3 {[%clk 1:39:43]}  Be7 {[%clk 1:36:17]} 9. Rd1 {[%clk 1:09:38]}  b4 {[%clk 1:07:17]} 10. Na4 {[%clk 1:37:08]}  Nbd7 {[%clk 0:43:59]} 11. Nc5 {[%clk 1:17:24]}  Nxc5 {[%clk 0:33:25]} 12. dxc5 {[%clk 1:13:54]}  Qb8 {[%clk 0:17:50]} 13. Nd4 {[%clk 1:09:05]}  Bxg2 {[%clk 0:14:31]} 14. Kxg2 {[%clk 0:57:02]}  Qb7+ {[%clk 0:01:12]} 15. c6 {[%clk 0:49:07]}  Qa6 {[%clk 0:43:28]} 16. Bf4 {[%clk 0:46:56]}  Bd6 {[%clk 0:26:10]} 17. Bg5 {[%clk 0:43:23]}  Be5 {[%clk 0:27:26]} 18. Rac1 {[%clk 0:36:58]}  c3 {[%clk 0:20:27]} 19. bxc3 {[%clk 0:33:20]}  bxc3 {[%clk 0:20:57]} 20. Qxc3 {[%clk 0:23:33]}  Nd5 {[%clk 0:14:37]} 21. Qd2 {[%clk 0:19:57]}  h6 {[%clk 0:11:06]} 22. Nf3 {[%clk 0:17:36]}  Bd6 {[%clk 0:07:58]} 23. e4 {[%clk 0:14:50]}  hxg5 {[%clk 0:06:28]} 24. exd5 {[%clk 0:13:37]}  g4 {[%clk 0:06:31]} 25. Ng5 {[%clk 0:12:21]}  e5 {[%clk 0:03:48]} 26. Ne4 {[%clk 0:08:51]}  f6 {[%clk 0:03:09]} 27. Qc2 {[%clk 0:07:00]}  Kf7 {[%clk 0:02:36]} 28. Rb1 {[%clk 0:06:00]}  Rab8 {[%clk 0:01:33]} 29. Ng5+ {[%clk 0:04:58]}  Ke7 {[%clk 0:00:29]} 30. Qg6 {[%clk 0:04:24]} 1-0

[Event "Masters Tournament (MTO)"]
[Site "Biel, CH"]
[Date "2025.07.18"]
[Round "5"]
[White "Pranesh M"]
[Black "Gut, Lionel"]
[Result "1-0"]
[Board "5"]
[WhiteFideId "35028600"]
[BlackFideId "1339966"]
[WhiteTitle "GM"]
[WhiteElo "2592"]
[BlackElo "2239"]
[WhiteTeam "IND"]
[BlackTeam "SUI"]
[WhiteClock "0:34:57"]
[BlackClock "0:19:35"]
[Variant "Standard"]

1. e4 {[%clk 1:40:54]}  c5 {[%clk 1:40:55]} 2. Nc3 {[%clk 1:41:13]}  d6 {[%clk 1:41:19]} 3. d4 {[%clk 1:41:35]}  cxd4 {[%clk 1:41:43]} 4. Qxd4 {[%clk 1:42:00]}  Nc6 {[%clk 1:42:02]} 5. Qd2 {[%clk 1:42:24]}  g6 {[%clk 1:42:19]} 6. b3 {[%clk 1:42:43]}  Bh6 {[%clk 1:42:36]} 7. f4 {[%clk 1:43:04]}  Nf6 {[%clk 1:43:01]} 8. Bb2 {[%clk 1:43:22]}  O-O {[%clk 1:43:24]} 9. O-O-O {[%clk 1:43:34]}  e5 {[%clk 1:42:56]} 10. g3 {[%clk 1:43:53]}  Re8 {[%clk 1:43:00]} 11. Bg2 {[%clk 1:42:51]}  Bg4 {[%clk 1:42:02]} 12. Bf3 {[%clk 1:22:33]}  exf4 {[%clk 1:34:53]} 13. Bxg4 {[%clk 1:13:26]}  Nxg4 {[%clk 1:14:49]} 14. gxf4 {[%clk 1:36:19]}  Qa5 {[%clk 1:07:41]} 15. Kb1 {[%clk 1:31:05]}  Nf6 {[%clk 0:59:22]} 16. Nge2 {[%clk 1:26:43]}  Nxe4 {[%clk 0:55:38]} 17. Nxe4 {[%clk 1:27:02]}  Rxe4 {[%clk 0:55:50]} 18. Qxa5 {[%clk 1:25:55]}  Nxa5 {[%clk 0:55:24]} 19. Nc3 {[%clk 1:26:18]}  Rxf4 {[%clk 0:55:10]} 20. Nd5 {[%clk 1:21:22]}  Rf3 {[%clk 0:50:52]} 21. Nf6+ {[%clk 1:23:23]}  Kh8 {[%clk 0:48:36]} 22. Ne8+ {[%clk 1:13:20]}  Kg8 {[%clk 0:46:10]} 23. Nf6+ {[%clk 1:04:35]}  Kh8 {[%clk 0:46:33]} 24. Nh5+ {[%clk 1:03:36]}  Kg8 {[%clk 0:43:52]} 25. Rxd6 {[%clk 1:00:56]}  Nc6 {[%clk 0:37:54]} 26. Nf6+ {[%clk 0:49:38]}  Kh8 {[%clk 0:37:40]} 27. Nh5+ {[%clk 0:44:47]}  Kg8 {[%clk 0:34:15]} 28. Nf6+ {[%clk 0:43:19]}  Kh8 {[%clk 0:34:39]} 29. h4 {[%clk 0:41:05]}  Rd8 {[%clk 0:26:04]} 30. Re1 {[%clk 0:39:53]}  Rc8 {[%clk 0:23:02]} 31. Rd7 {[%clk 0:34:47]}  Bg7 {[%clk 0:22:39]} 32. Rxf7 {[%clk 0:34:55]}  Rf8 {[%clk 0:19:30]} 33. Rxg7 {[%clk 0:34:38]}  Kxg7 {[%clk 0:19:35]} 34. Ng4+ {[%clk 0:34:57]} 1-0

[Event "Masters Tournament (MTO)"]
[Site "Biel, CH"]
[Date "2025.07.18"]
[Round "5"]
[White "Dau Khuong Duy"]
[Black "Shvedova, Alexandra"]
[Result "1-0"]
[Board "6"]
[WhiteFideId "12424722"]
[BlackFideId "54154782"]
[WhiteTitle "IM"]
[BlackTitle "WFM"]
[WhiteElo "2456"]
[BlackElo "2204"]
[WhiteTeam "VIE"]
[BlackTeam "ITA"]
[WhiteClock "0:40:43"]
[BlackClock "0:18:08"]
[Variant "Standard"]

1. e4 {[%clk 1:40:51]}  e5 {[%clk 1:40:42]} 2. Nf3 {[%clk 1:41:10]}  Nc6 {[%clk 1:41:08]} 3. Bb5 {[%clk 1:40:53]}  Nge7 {[%clk 1:41:11]} 4. O-O {[%clk 1:39:14]}  Ng6 {[%clk 1:41:26]} 5. d4 {[%clk 1:38:12]}  exd4 {[%clk 1:41:09]} 6. Nxd4 {[%clk 1:37:37]}  Bc5 {[%clk 1:40:55]} 7. Nb3 {[%clk 1:35:42]}  Bb6 {[%clk 1:41:18]} 8. Nc3 {[%clk 1:36:06]}  a6 {[%clk 1:41:11]} 9. Bd3 {[%clk 1:34:01]}  d6 {[%clk 1:40:56]} 10. Kh1 {[%clk 1:32:30]}  O-O {[%clk 1:40:37]} 11. Nd5 {[%clk 1:30:44]}  Ba7 {[%clk 1:40:46]} 12. f4 {[%clk 1:30:29]}  f5 {[%clk 1:38:20]} 13. c4 {[%clk 1:17:48]}  fxe4 {[%clk 1:22:57]} 14. Bxe4 {[%clk 1:25:20]}  Bf5 {[%clk 1:13:11]} 15. Qc2 {[%clk 1:16:20]}  Bxe4 {[%clk 1:15:05]} 16. Qxe4 {[%clk 1:16:25]}  Qd7 {[%clk 1:15:07]} 17. Bd2 {[%clk 1:15:20]}  Rae8 {[%clk 1:12:15]} 18. Qd3 {[%clk 1:13:00]}  Nce7 {[%clk 0:57:34]} 19. Rae1 {[%clk 1:10:10]}  c6 {[%clk 0:47:02]} 20. Nc3 {[%clk 1:05:40]}  Qg4 {[%clk 0:41:18]} 21. h3 {[%clk 0:45:17]}  Qh4 {[%clk 0:35:44]} 22. Re4 {[%clk 0:34:37]}  Nf5 {[%clk 0:27:44]} 23. Kh2 {[%clk 0:42:14]}  Nh6 {[%clk 0:18:59]} 24. g3 {[%clk 0:35:02]}  Qh5 {[%clk 0:17:35]} 25. Kg2 {[%clk 0:28:42]}  Qf5 {[%clk 0:17:02]} 26. Rfe1 {[%clk 0:31:48]}  Rxe4 {[%clk 0:13:11]} 27. Qxe4 {[%clk 0:30:58]}  Qf7 {[%clk 0:08:40]} 28. Qe6 {[%clk 0:28:01]}  Qxe6 {[%clk 0:10:04]} 29. Rxe6 {[%clk 0:28:10]}  Rd8 {[%clk 0:10:22]} 30. Na5 {[%clk 0:22:52]}  Kf7 {[%clk 0:06:48]} 31. Re1 {[%clk 0:23:55]}  Nf5 {[%clk 0:05:05]} 32. Ne4 {[%clk 0:23:51]}  h6 {[%clk 0:02:51]} 33. Nxb7 {[%clk 0:23:04]}  Rd7 {[%clk 0:04:15]} 34. Na5 {[%clk 0:22:49]}  d5 {[%clk 0:04:21]} 35. cxd5 {[%clk 0:20:50]}  cxd5 {[%clk 0:04:48]} 36. Nf2 {[%clk 0:20:01]}  d4 {[%clk 0:02:31]} 37. Nd3 {[%clk 0:15:52]}  Rc7 {[%clk 0:01:31]} 38. Rc1 {[%clk 0:16:04]}  Rxc1 {[%clk 0:01:28]} 39. Bxc1 {[%clk 0:16:29]}  h5 {[%clk 0:00:55]} 40. Nb4 {[%clk 0:11:13]}  h4 {[%clk 0:00:46]} 41. g4 {[%clk 0:11:14]}  Ne3+ {[%clk 0:23:10]} 42. Kf3 {[%clk 0:40:59]}  Bb6 {[%clk 0:18:51]} 43. Nac6 {[%clk 0:40:46]}  a5 {[%clk 0:18:18]} 44. Bxe3 {[%clk 0:40:34]}  dxe3 {[%clk 0:18:08]} 45. Nd5 {[%clk 0:40:43]} 1-0

[Event "Masters Tournament (MTO)"]
[Site "Biel, CH"]
[Date "2025.07.18"]
[Round "5"]
[White "Baenziger, Fabian"]
[Black "Sushanth Kamabathula"]
[Result "1/2-1/2"]
[Board "7"]
[WhiteFideId "1330110"]
[BlackFideId "25712667"]
[WhiteTitle "IM"]
[WhiteElo "2450"]
[BlackElo "2188"]
[WhiteTeam "SUI"]
[BlackTeam "IND"]
[WhiteClock "0:02:37"]
[BlackClock "0:13:52"]
[Variant "Standard"]

1. d4 {[%clk 1:40:53]}  Nf6 {[%clk 1:40:54]} 2. c4 {[%clk 1:41:10]}  g6 {[%clk 1:41:17]} 3. Nf3 {[%clk 1:40:51]}  Bg7 {[%clk 1:41:17]} 4. g3 {[%clk 1:40:56]}  O-O {[%clk 1:41:23]} 5. Bg2 {[%clk 1:41:07]}  d6 {[%clk 1:41:27]} 6. Nc3 {[%clk 1:41:21]}  c5 {[%clk 1:41:47]} 7. O-O {[%clk 1:40:50]}  Nc6 {[%clk 1:41:18]} 8. d5 {[%clk 1:39:29]}  Na5 {[%clk 1:40:53]} 9. Nd2 {[%clk 1:39:39]}  e6 {[%clk 1:39:12]} 10. Rb1 {[%clk 1:35:23]}  exd5 {[%clk 1:35:19]} 11. cxd5 {[%clk 1:34:49]}  a6 {[%clk 1:26:07]} 12. b3 {[%clk 1:33:27]}  b5 {[%clk 1:25:25]} 13. Qc2 {[%clk 1:33:51]}  Bd7 {[%clk 1:23:25]} 14. Bb2 {[%clk 1:27:34]}  Nb7 {[%clk 1:13:11]} 15. Rfe1 {[%clk 1:16:58]}  Re8 {[%clk 1:09:23]} 16. e4 {[%clk 1:14:26]}  Ng4 {[%clk 1:05:13]} 17. Re2 {[%clk 0:53:59]}  Rc8 {[%clk 0:55:34]} 18. h3 {[%clk 1:01:39]}  Nh6 {[%clk 0:55:37]} 19. Rbe1 {[%clk 0:54:48]}  Qb6 {[%clk 0:54:32]} 20. Nd1 {[%clk 0:46:04]}  Qc7 {[%clk 0:42:28]} 21. Ne3 {[%clk 0:43:05]}  Re7 {[%clk 0:31:30]} 22. f4 {[%clk 0:37:00]}  f6 {[%clk 0:25:57]} 23. Kh2 {[%clk 0:33:23]}  Rce8 {[%clk 0:25:30]} 24. Bc3 {[%clk 0:32:37]}  c4 {[%clk 0:21:30]} 25. b4 {[%clk 0:30:45]}  Qc8 {[%clk 0:16:47]} 26. Qb2 {[%clk 0:25:24]}  a5 {[%clk 0:16:41]} 27. a3 {[%clk 0:25:42]}  a4 {[%clk 0:16:49]} 28. Bd4 {[%clk 0:24:29]}  Rf8 {[%clk 0:15:10]} 29. Nd1 {[%clk 0:19:34]}  Qe8 {[%clk 0:14:34]} 30. Nc3 {[%clk 0:19:48]}  g5 {[%clk 0:13:10]} 31. fxg5 {[%clk 0:11:56]}  fxg5 {[%clk 0:13:35]} 32. Bxg7 {[%clk 0:12:23]}  Rxg7 {[%clk 0:13:26]} 33. e5 {[%clk 0:12:49]}  Bxh3 {[%clk 0:12:58]} 34. Bxh3 {[%clk 0:09:41]}  Qh5 {[%clk 0:12:45]} 35. Nce4 {[%clk 0:06:32]}  g4 {[%clk 0:11:21]} 36. Nf6+ {[%clk 0:03:55]}  Rxf6 {[%clk 0:11:47]} 37. exf6 {[%clk 0:04:23]}  Qxh3+ {[%clk 0:12:12]} 38. Kg1 {[%clk 0:04:49]}  Qxg3+ {[%clk 0:12:36]} 39. Kh1 {[%clk 0:04:32]}  Qh4+ {[%clk 0:13:02]} 40. Kg1 {[%clk 0:04:37]}  Qg3+ {[%clk 0:13:27]} 41. Kh1 {[%clk 0:02:10]}  Qh4+ {[%clk 0:13:52]} 42. Kg1 {[%clk 0:02:37]} 1/2-1/2